Statistics for Mexico VS USA VS Canada

Click here to take the quiz!

General Stats

  • This quiz has been taken 133 times
    (130 since last reset)
  • The average score is 10 of 12

Answer Stats

QuestionAnswer% Correct
In What Country Do They Wear A SombreroMexico
100%
Which Countries Capital Is OttawaCanada
99%
Which Country Is The RichestUSA
96%
Which Countries Capital Is Named After Its CountryMexico
96%
Which Country Has The Most Main Battle TanksUSA
95%
What Capital City Is Named Like The First Countries PresidentUSA
95%
Which Country Is The Largest In SizeCanada
94%
Which Country Has The Most PeopleUSA
92%
Which Country Has The Least PeopleCanada
90%
Which Country Has The Least StatesCanada
78%
In What Countries It Hit Over Minus 50- This Year (2018)USA And Canada
61%
Which Country Has The Most IslandsUSA
13%

Score Distribution

Percentile by Number Answered

Percent of People with Each Score

Your Score History

You have not taken this quiz since the last reset